[Event "ESP-chT"]
[Site "?"]
[Date "1993.??.??"]
[Round "?"]
[White "Franco Ocampo, Zenon"]
[Black "Romero Holmes, Alfonso"]
[Result "1-0"]
[WhiteElo "2480"]
[BlackElo "2440"]

1.d4 Nf6 2.Nf3 g6 3.c4 Bg7 4.Nc3 d6 5.e4 O-O 6.Be2 e5 7.d5 a5 8.O-O Na6 9.Be3 Nc5
10.Nd2 Nfd7 11.b3 f5 12.f3 Nf6 13.a3 Nh5 14.b4 axb4 15.axb4 Rxa1 16.Qxa1 Na6
17.Rb1 Nf4 18.Bf1 g5 19.c5 g4 20.fxg4 fxg4 21.c6 Qg5 22.Kh1 g3 23.cxb7 Qh5
24.Bg1 Bxb7 25.Rb2 Bc8 26.Bxa6 Nh3 27.Nf1 Rxf1 28.Qxf1 Nxg1 29.Qxg1 Bxa6
30.h3 Bc8 31.Qf1 h6 32.Ra2 Kh7 33.Ra7 Qg5 34.Rxc7 Bxh3 35.gxh3 Qd2 36.Qf5+  1-0

[Event "Espoo op"]
[Site "Espoo"]
[Date "1993.??.??"]
[Round "5"]
[White "Slekys, Emilis"]
[Black "Sepp, Olav"]
[Result "0-1"]
[WhiteElo "2395"]
[BlackElo "2390"]

1.d4 Nf6 2.c4 g6 3.Nc3 Bg7 4.e4 d6 5.Be2 O-O 6.Nf3 e5 7.O-O Na6 8.Be3 Ng4
9.Bg5 Qe8 10.dxe5 dxe5 11.h3 h6 12.Bd2 Nf6 13.Be3 Nh5 14.Re1 Nf4 15.Bf1 c6
16.a3 Qe7 17.b4 Rd8 18.Qc1 g5 19.Nh2 Nc7 20.Rd1 Nce6 21.Rxd8+ Qxd8 22.g3 Nd4
23.gxf4 exf4 24.Bxd4 Qxd4 25.Qd1 Qxc3 26.Qd8+ Kh7 27.Rd1 Bg4 28.Qxa8 Bxd1
29.Qxb7 Bh5 30.e5 Bxe5 31.Qxc6 Bd4 32.Qe4+ Kg7 33.Ng4 Bg6 34.Qd5 h5 35.Qxg5 hxg4
36.Qxf4 g3  0-1

[Event "Farum op"]
[Site "Farum"]
[Date "1993.??.??"]
[Round "3"]
[White "Akesson, Ralf"]
[Black "Sylvan, Jacob"]
[Result "1-0"]
[WhiteElo "2465"]
[BlackElo "2100"]

1.Nf3 g6 2.d4 Bg7 3.c4 d6 4.Nc3 Nf6 5.e4 O-O 6.Be3 e5 7.Be2 Nc6 8.d5 Ne7
9.Nd2 Nd7 10.f3 c5 11.g4 f5 12.h4 h6 13.Rb1 a6 14.b4 cxb4 15.Rxb4 Qa5 16.Qa4 Qc7
17.Qa3 fxg4 18.fxg4 Nc5 19.Nb3 b6 20.Nxc5 bxc5 21.Rb2 Bd7 22.Kd2 Nc8 23.Rhb1 Qd8
24.g5 Rf4 25.Rb8 Rxb8 26.Rxb8 Qc7 27.Ra8 Rxh4 28.Qxa6 Bf8 29.Nb5 Qd8 30.Nxd6 Bxd6
31.Qxd6 Qa5+ 32.Rxa5 Nxd6 33.Bd3 Rh2+ 34.Kc1 Rh3 35.Kd2 Rh2+ 36.Kc1 Rh3 37.Ra8+ Kf7
38.gxh6 Nc8 39.Kd2 Rh2+ 40.Kc3 Rh3 41.Bxc5 Rxh6 42.a4 g5 43.a5 g4 44.a6 g3
45.a7 Ra6 46.Rb8  1-0

[Event "Farum op"]
[Site "Farum"]
[Date "1993.??.??"]
[Round "5"]
[White "Pedersen, Steffen"]
[Black "Isaksen, Brian"]
[Result "1-0"]
[WhiteElo "2385"]
[BlackElo "2245"]

1.d4 Nf6 2.c4 g6 3.Nc3 Bg7 4.e4 d6 5.Nf3 O-O 6.Be2 Na6 7.O-O e5 8.Re1 c6
9.Bf1 Bg4 10.Be3 exd4 11.Bxd4 Nc7 12.h3 Bxf3 13.Qxf3 Ne6 14.Be3 Nd7 15.Rad1 Be5
16.g3 Qa5 17.Qe2 Nec5 18.Qc2 Rfe8 19.Bg2 Nb6 20.f4 Bxc3 21.bxc3 Nxc4 22.Bd4 Ne6
23.Bf6 Qc5+ 24.Kh2 Ne3 25.Rxe3 Qxe3 26.Rd3 Qc5 27.Qd2 Nc7 28.f5 d5 29.e5 b5
30.Rd4 Qf8 31.Rh4 Rec8 32.Qg5 Ne8 33.Be7 Qg7 34.f6 Qh8 35.Rh6 Nc7 36.h4 Re8
37.Bd6 Ne6 38.Qg4 Red8 39.Ba3 c5 40.Bh3 Rac8 41.h5 Rc6 42.hxg6 fxg6 43.Qxe6+ Rxe6
44.Bxe6+ Kf8 45.Bxc5+ Ke8 46.f7+  1-0

[Event "Farum op (Women)"]
[Site "Farum"]
[Date "1993.??.??"]
[Round "9"]
[White "Kas Fromm, Rita"]
[Black "Stewart, Tanya"]
[Result "1-0"]
[WhiteElo "2225"]
[BlackElo "2090"]

1.d4 Nf6 2.c4 g6 3.Nc3 Bg7 4.e4 d6 5.Be2 O-O 6.Nf3 e5 7.Be3 Nbd7 8.O-O c6
9.Qc2 Qe7 10.dxe5 dxe5 11.Nd2 Nc5 12.Rfd1 Ng4 13.Bxg4 Bxg4 14.f3 Be6 15.b4 Nd7
16.c5 b6 17.Nb3 Rfd8 18.Na4 Bf8 19.Rd2 a5 20.bxa5 Bxb3 21.axb3 bxc5 22.Qc3 Rdb8
23.Rad1 Rb7 24.Rd6 Ra6 25.Nxc5 Nxc5 26.Bxc5 Qg5 27.Rd8 Re7 28.Bxe7 Qxe7 29.R1d7 Qg5
30.Qc5  1-0

[Event "FIN-chT"]
[Site "FIN"]
[Date "1993.??.??"]
[Round "?"]
[White "Luik, Helmuth"]
[Black "Nykopp, Jan Michael F"]
[Result "0-1"]
[WhiteElo "2295"]
[BlackElo "2235"]

1.d4 Nf6 2.Nf3 d6 3.c4 g6 4.Nc3 Bg7 5.e4 O-O 6.Be2 e5 7.d5 Nh5 8.g3 Nd7 9.Be3 a5
10.Nd2 Nhf6 11.Qc2 Nc5 12.h3 Nfd7 13.g4 Na6 14.O-O-O Ndc5 15.Rdg1 a4 16.Kb1 c6
17.h4 Bd7 18.g5 Qa5 19.a3 Nc7 20.h5 b5 21.hxg6 hxg6 22.dxc6 Bxc6 23.Bxc5 dxc5
24.Nd5 Bxd5 25.cxd5 c4 26.Rg3 Rfd8 27.Rgh3 Ne8 28.Nf1 Qe1+ 29.Bd1 Qa5 30.Ne3 Nd6
31.Ng4 b4 32.f3 Kf8 33.Nf6 c3 34.axb4 Qxb4 35.Qxc3 Qxc3 36.bxc3 Ke7 37.Ng4 a3
38.Rh7 Bf8 39.Nxe5 Rdb8+ 40.Ka1 Ke8 41.c4 Rb2 42.c5 Nb5 43.Nc4 Rb4 44.Nd6+ Nxd6
45.cxd6 Rab8 46.e5 R8b5 47.d7+ Kxd7 48.Rxf7+ Ke8 49.e6 Rb1+  0-1

[Event "FIN-chT"]
[Site "FIN"]
[Date "1993.??.??"]
[Round "?"]
[White "Partanen, Juha"]
[Black "Kanko, Ilkka"]
[Result "1/2-1/2"]
[WhiteElo "2285"]
[BlackElo "2330"]

1.Nf3 Nf6 2.d4 g6 3.c4 Bg7 4.Nc3 O-O 5.e4 d6 6.Be2 e5 7.d5 Na6 8.Bg5 Qe8
9.Nd2 h5 10.Nb3 Nh7 11.Be3 f5 12.f3 Bf6 13.Qd2 Bh4+ 14.g3 Be7 15.O-O-O c5
16.dxc6 bxc6 17.c5 Nxc5 18.Nxc5 dxc5 19.Nd5 Bd8 20.Nc3 Bb6 21.exf5 gxf5 22.h3 Be6
23.g4 f4 24.Bf2 c4 25.Ne4 Bd5 26.Qc2 Bxe4 27.fxe4 Kh8 28.Bxc4 Bxf2 29.Qxf2 Qe7
30.Rd2 Rad8 31.Rhd1 Rxd2 32.Rxd2 f3 33.gxh5 Qb4 34.Rc2 Ng5 35.a3 Qb6 36.Qg3 Qe3+
37.Kb1 Qf4 38.Qxf4 Rxf4 39.Bf1 Nxe4 40.Kc1 Ng3 41.Ba6 Rf6 42.Kd2 f2 43.Ke3 f1=Q
44.Bxf1 Nxf1+ 45.Ke4 Ng3+ 46.Kxe5 Nxh5 47.Rc4 Kg7 48.Ra4 Rf7 49.Ra6 Nf4 50.b4 Nd3+
51.Ke4 Nf2+ 52.Ke5 Nxh3 53.Rxc6 Nf2 54.b5 Re7+ 55.Kd6 Kf6 56.Kd5+ Kf5 57.b6 Rd7+
58.Rd6 Rxd6+ 59.Kxd6 axb6  1/2-1/2

[Event "FIN-SWE"]
[Site "FIN"]
[Date "1993.??.??"]
[Round "1"]
[White "Cramling, Dan"]
[Black "Pakkanen, Jukka"]
[Result "1-0"]
[WhiteElo "2420"]
[BlackElo "2325"]

1.c4 Nf6 2.Nc3 g6 3.e4 d6 4.d4 Bg7 5.Nf3 O-O 6.Be2 e5 7.d5 a5 8.Bg5 Na6 9.Nd2 Qe8
10.a3 Bd7 11.b3 h6 12.Be3 Kh8 13.Rb1 c5 14.dxc6 bxc6 15.b4 axb4 16.axb4 Qe7
17.b5 Nc5 18.O-O Ne6 19.bxc6 Bxc6 20.f3 Nh5 21.Nd5 Qd8 22.Rb6 Bxd5 23.cxd5 Nef4
24.Kh1 Ra2 25.g3 Nxe2 26.Qxe2 f5 27.Rfb1 f4 28.gxf4 exf4 29.Bf2 Qc8 30.Be1 Qc2
31.Qc4 Bc3 32.Rc6 Bxd2 33.Qd4+ Kg8 34.Rxc2 Rxc2 35.Bxd2 Ra8  1-0

[Event "Finkenstein op"]
[Site "Finkenstein"]
[Date "1993.??.??"]
[Round "4"]
[White "Koch, W."]
[Black "Mazi, Leon"]
[Result "0-1"]
[WhiteElo "2290"]
[BlackElo "2345"]

1.d4 Nf6 2.Nf3 g6 3.c4 Bg7 4.Nc3 O-O 5.e4 d6 6.Be2 Nbd7 7.O-O e5 8.Be3 Ng4
9.Bg5 f6 10.Bd2 Nh6 11.Qc2 c6 12.Rad1 Nf7 13.d5 c5 14.a3 Bh6 15.b4 Kg7 16.Rb1 a6
17.Rb2 b6 18.Na4 Bxd2 19.Nxd2 Nh6 20.bxc5 bxc5 21.Rfb1 f5 22.Nb6 Nxb6 23.Rxb6 Ra7
24.f3 Raf7 25.Kh1 g5 26.exf5 Nxf5 27.Ne4 g4 28.Qd2 gxf3 29.Bxf3 Kh8 30.Ng5 Rf6
31.Ne4 Rg6 32.Bh5 Rg7 33.g4 Nh4 34.Rxd6 Qe7 35.Qh6 Bxg4 36.Bxg4 Rxg4 37.Rd7 Nf5
38.Rxe7 Nxh6 39.Rxe5 Rff4 40.Nxc5 Rxc4 41.d6 Rg8 42.Ne6 Nf7 43.Rd5 Rc6 44.Rbd1 Rg6
45.d7 Rcxe6 46.d8=Q+ Nxd8 47.Rxd8+ Kg7 48.Rg1 Re3 49.Rd7+ Kh6 50.Rg3 Rgxg3
51.hxg3 Rxg3 52.Rd6+ Rg6 53.Rd5 Rc6 54.Ra5 Kg6 55.Kg2 Rf6 56.Rd5 h6 57.Kg3 Kf7
58.Re5 Re6 59.Ra5 Ke7 60.Kf4 Kd7 61.Kf5 Rd6 62.Ke5 Kc7 63.Ra4 h5 64.Rh4 Kc6
65.Rc4+ Kb5  0-1

[Event "Forli op"]
[Site "Forli"]
[Date "1993.??.??"]
[Round "4"]
[White "Iotti, Pierluigi"]
[Black "Rodighiero, Giuseppe"]
[Result "1/2-1/2"]
[WhiteElo "2300"]
[BlackElo "2190"]

1.d4 Nf6 2.c4 g6 3.Nc3 Bg7 4.e4 d6 5.Be2 O-O 6.Nf3 e5 7.dxe5 dxe5 8.Qxd8 Rxd8
9.Bg5 Re8 10.Nd5 Nxd5 11.cxd5 c6 12.Bc4 cxd5 13.Bxd5 Nc6 14.O-O-O Be6 15.Bxe6 Rxe6
16.Rd7 f6 17.Be3 Re7 18.Rhd1 Rxd7 19.Rxd7 b6 20.Rc7 Nb4 21.a3 Na6 22.Rd7 Rc8+
23.Kd2 Rc7 24.Rxc7 Nxc7 25.Kd3 Bf8 26.Nd2 Kf7 27.a4 Ke6 28.a5 bxa5 29.Bxa7 a4
30.Kc4 a3 31.bxa3 Bxa3 32.Bb6 Ne8 33.f3  1/2-1/2

[Event "FRA"]
[Site "FRA"]
[Date "1993.??.??"]
[Round "?"]
[White "Baldy, Philippe"]
[Black "Sharif, Mershad"]
[Result "0-1"]
[WhiteElo "2265"]
[BlackElo "2420"]

1.d4 Nf6 2.c4 g6 3.Nc3 Bg7 4.e4 O-O 5.Nf3 d6 6.Be2 Na6 7.O-O e5 8.Re1 c6
9.dxe5 dxe5 10.Qxd8 Rxd8 11.Nxe5 Nc5 12.f3 Nfxe4 13.Nxe4 Bxe5 14.Nxc5 Bd4+
15.Kf1 Bxc5 16.Bg5 Re8 17.Bd3 Be6 18.Bf6 Be7 19.Bc3 a5 20.Red1 f6 21.b3 Kf7
22.a3 Red8 23.Be2 Rxd1+ 24.Rxd1 Bxa3 25.Ra1 Bd6 26.Rxa5 Rxa5 27.Bxa5 Bxh2
28.Kf2 Be5 29.Bb6 h5 30.g3 Bc3 31.f4 Bb4 32.Bd4 Bg4 33.Bxg4 hxg4 34.Ke2 Ke6  0-1

[Event "FRA"]
[Site "FRA"]
[Date "1993.??.??"]
[Round "?"]
[White "Touzane, Olivier"]
[Black "San Marco, Bruno"]
[Result "0-1"]
[WhiteElo "2200"]
[BlackElo "2250"]

1.d4 Nf6 2.c4 g6 3.Nc3 Bg7 4.e4 d6 5.Nf3 O-O 6.Be2 Na6 7.O-O e5 8.Rb1 Qe8
9.d5 Nc5 10.Nd2 a5 11.b3 Bh6 12.Qc2 Nh5 13.Bxh5 gxh5 14.Bb2 f5 15.Nb5 fxe4
16.Nxc7 Qg6 17.Nxa8 Bh3 18.g3 Rxa8 19.f4 exf3 20.Qc3 f2+ 21.Rxf2 Bxd2 22.Qxd2 Qxb1+
23.Bc1 Qg6 24.Re2 Nd3 25.Re3 Rf8 26.Qxd3 Qxd3 27.Rxd3 Rd8  0-1

[Event "FRA"]
[Site "FRA"]
[Date "1993.??.??"]
[Round "?"]
[White "Herb, Pascal"]
[Black "San Marco, Bruno"]
[Result "1-0"]
[WhiteElo "2380"]
[BlackElo "2250"]

1.d4 Nf6 2.Nf3 g6 3.c4 Bg7 4.Nc3 O-O 5.e4 d6 6.Be2 Na6 7.O-O e5 8.Re1 c6
9.Rb1 exd4 10.Nxd4 Nc5 11.Bf1 Re8 12.f3 a5 13.Be3 Nh5 14.Qd2 Qe7 15.Rbd1 Be5
16.g3 Qf8 17.Bf2 h6 18.f4 Bg7 19.h3 f5 20.exf5 Rxe1 21.Rxe1 gxf5 22.Bg2 Nf6
23.Qc2 Nfe4 24.Nxe4 fxe4 25.Bxe4 Bxh3 26.Bh7+ Kh8 27.Bg6 Bf6 28.Bf5 Bxf5
29.Nxf5 Rd8 30.Kg2 b6 31.Rh1 Bg7 32.Nxh6 Bxh6 33.Qg6 Qg7 34.Bd4  1-0

[Event "FRA"]
[Site "FRA"]
[Date "1993.??.??"]
[Round "?"]
[White "Bersoult, Francois"]
[Black "Belkhodja, Slim"]
[Result "0-1"]
[WhiteElo "2200"]
[BlackElo "2400"]

1.d4 Nf6 2.c4 d6 3.Nf3 g6 4.Nc3 Bg7 5.e4 O-O 6.Be2 e5 7.O-O Nbd7 8.Be3 c6
9.dxe5 dxe5 10.h3 Qe7 11.Qc2 Re8 12.Rab1 Nf8 13.b4 N6d7 14.Rfd1 Ne6 15.c5 Nf4
16.Bf1 Nf8 17.Kh2 h6 18.g3 N4e6 19.Bc4 Ng5 20.Nxg5 hxg5 21.Qd2 Bf6 22.Qd6 Kg7
23.Ne2 Ne6 24.Rd2 Rh8 25.Qxe7 Bxe7 26.g4 Nf4 27.Bxf4 gxf4 28.f3 a5 29.a3 f5
30.gxf5 gxf5 31.Rg1+ Kf8 32.Nxf4 exf4 33.Rdg2 Bf6 34.Rg6 Bh4 35.Rg8+ Rxg8
36.Rxg8+ Ke7 37.e5 axb4 38.axb4 Be1 39.Rg7+ Kd8 40.Rg8+ Kc7 41.Rg7+ Kb8 42.e6 Ra3
43.e7 Re3 44.Bd3 Bxb4 45.Be4 Bd7  0-1

[Event "FRA"]
[Site "FRA"]
[Date "1993.??.??"]
[Round "?"]
[White "Bersoult, Francois"]
[Black "San Marco, Bruno"]
[Result "1/2-1/2"]
[WhiteElo "2200"]
[BlackElo "2250"]

1.d4 Nf6 2.c4 g6 3.Nc3 Bg7 4.e4 d6 5.Nf3 O-O 6.Be2 Na6 7.O-O e5 8.Be3 Ng4
9.Bg5 Qe8 10.dxe5 h6 11.Bc1 dxe5 12.h3 Nf6 13.Be3 c6 14.a3 Qe7 15.b4 Nh5
16.Re1 Nf4 17.Bf1 Rd8 18.Qc2 Qf6 19.Nd2 Nc7 20.Nb3 Nce6 21.Rad1 Nd4 22.Bxd4 exd4
23.e5 Nxh3+ 24.gxh3 Qg5+ 25.Kh1 dxc3 26.Rxd8+ Qxd8 27.Qxc3 Qe7 28.Bg2 Be6
29.Nd4 Rd8 30.f4 Bc8 31.Nf3 Qd7 32.Kh2 Qf5 33.Qc1 Rd3 34.Ng1 Qh5 35.Re3 Rd1
36.Qc2 Bf5 37.Qf2 Rd4 38.Re2 Bg4 39.Qxd4 Bxe2 40.Nxe2 Qxe2 41.Qe4  1/2-1/2

[Event "FRA"]
[Site "FRA"]
[Date "1993.??.??"]
[Round "?"]
[White "Laclau, Daniel"]
[Black "Pilotelle, Barbara"]
[Result "1-0"]
[WhiteElo "2240"]
[BlackElo "2060"]

1.c4 Nf6 2.Nc3 g6 3.e4 d6 4.d4 Bg7 5.Be2 Nbd7 6.Nf3 O-O 7.O-O e5 8.Re1 Re8
9.Bf1 c6 10.Rb1 Qc7 11.b3 Nb6 12.Bb2 Bg4 13.d5 c5 14.h3 Bd7 15.Bc1 Nh5 16.Nb5 Qb8
17.b4 f5 18.bxc5 dxc5 19.Be3 a6 20.Nc3 Qd6 21.Qb3 f4 22.Bd2 Nc8 23.Qxb7 Ra7
24.Qb8 Qe7 25.Rb7 Rxb7 26.Qxb7 Qd6 27.Rb1 Nf6 28.Bc1 h6 29.Ba3 g5 30.Ne1 g4
31.Nd3 Qe7 32.Bxc5 Qf7 33.hxg4 Nxg4 34.f3 Nf6 35.Bf2 Qg6 36.Qxa6 Kh8 37.Rb7 Qg5
38.Nc5 Bh3 39.Ne6  1-0

[Event "FRA"]
[Site "FRA"]
[Date "1993.??.??"]
[Round "?"]
[White "Bernard, Christophe"]
[Black "Stranjakovitch, Jean"]
[Result "0-1"]
[WhiteElo "2365"]
[BlackElo "2280"]

1.d4 Nf6 2.c4 g6 3.Nc3 Bg7 4.e4 d6 5.Be2 O-O 6.Nf3 Nbd7 7.O-O e5 8.Re1 c6
9.Bf1 Re8 10.Rb1 a5 11.d5 Nc5 12.b3 h6 13.Nd2 Bd7 14.a3 cxd5 15.cxd5 Rf8
16.Bb2 Nh5 17.g3 Nf6 18.Nb5 Ne8 19.Rc1 Rc8 20.a4 f5 21.exf5 gxf5 22.Nc4 Rf6
23.Bc3 b6 24.f4 Ne4 25.fxe5 Rg6 26.Bd4 Rxc4 27.Rxc4 dxe5 28.Ba1 Qg5 29.Rcxe4 fxe4
30.Rxe4 h5 31.Qe1 h4 32.Bxe5 hxg3 33.Bxg3 Nf6 34.Re5 Qg4 35.Bd3 Rg5 36.Rxg5 Qxg5
37.Qe7 Qc1+ 38.Bf1 Bh3 39.Qe2 Ne4 40.Qc4 Qe3+ 41.Kh1 Qf3+ 42.Kg1 Bh6 43.d6+ Kf8  0-1

[Event "Troll Masters"]
[Site "Gausdal"]
[Date "1993.??.??"]
[Round "3"]
[White "Tisdall, Jonathan D"]
[Black "Blees, Albert"]
[Result "1/2-1/2"]
[WhiteElo "2425"]
[BlackElo "2405"]

1.Nf3 Nf6 2.c4 g6 3.Nc3 Bg7 4.e4 d6 5.d4 O-O 6.Be2 e5 7.Be3 Na6 8.O-O Ng4
9.Bg5 Qe8 10.h3 h6 11.Bc1 Nf6 12.dxe5 dxe5 13.Be3 Nh5 14.c5 Nf4 15.Bxa6 bxa6
16.Qd2 Rb8 17.Bxf4 exf4 18.Qxf4 Rxb2 19.Nd5 f5 20.e5 Qf7 21.Nf6+ Bxf6 22.exf6 Bb7
23.Ne5 Qd5 24.c6 Bxc6 25.Nxc6 Qxc6 26.Rac1 Qxf6 27.Rxc7 g5 28.Qc4+ Rf7 29.Rd1 Rb8
30.Rc6 Qg7 31.Qxa6 Kh7 32.Rdd6 Rb1+ 33.Kh2 Rb6 34.Rxb6 axb6 35.Qxb6 Qe5+
36.g3 f4 37.Rxh6+ Kg7 38.Qg6+ Kf8 39.Qd6+ Qxd6 40.Rxd6 Ra7 41.Rd2 fxg3+ 42.fxg3 Kg7
43.g4 Ra3 44.Re2 Kf6 45.Kg2 Kf7 46.Kf2 Kg6 47.Kg2 Kf7 48.Kf1 Kg7 49.Ke1 Kf6
50.Kd1 Rxh3 51.a4 Rd3+ 52.Rd2 Ra3 53.Rd4 Ke5 54.Rb4 Kd5 55.Ke2 Ke5 56.Kd2 Kd5
57.Kc2 Kc5 58.Re4 Kd5 59.Kb2 Rg3 60.Rb4 Rg2+ 61.Kc3 Rg3+ 62.Kd2 Rg2+ 63.Ke3 Rg3+
64.Kf2 Ra3 65.Rb5+ Ke4 66.Rxg5 Kf4 67.Ra5 Kxg4 68.Ra8 Kf5 69.a5  1/2-1/2

[Event "Arnold Cup"]
[Site "Gausdal"]
[Date "1993.??.??"]
[Round "3"]
[White "Lyrberg, Patrik"]
[Black "Degerman, Lars"]
[Result "1/2-1/2"]
[WhiteElo "2395"]
[BlackElo "2460"]

1.d4 Nf6 2.c4 d6 3.Nc3 Nbd7 4.Nf3 g6 5.e4 e5 6.Be2 Bg7 7.O-O O-O 8.Re1 c6
9.Be3 Ng4 10.Bg5 f6 11.Bc1 Nh6 12.Rb1 a5 13.a3 f5 14.Bg5 Qe8 15.c5 Nf7 16.cxd6 exd4
17.Bc4 Ne5 18.exf5 Bxf5 19.d7 Qxd7 20.Nxe5 Bxe5 21.Rxe5 dxc3 22.Qxd7 Bxd7
23.bxc3 b5 24.Ba2 Rfe8 25.Rbe1 Rxe5 26.Rxe5 Re8 27.Rxe8+ Bxe8 28.Bd8 a4 29.f3 Kf8
30.Bc7 Ke7 31.Bxf7  1/2-1/2

[Event "Peer Gynt"]
[Site "Gausdal"]
[Date "1993.??.??"]
[Round "3"]
[White "Bener, Anna"]
[Black "Dannevig, Oystein"]
[Result "0-1"]
[WhiteElo "2070"]
[BlackElo "2300"]

1.d4 Nf6 2.c4 g6 3.Nc3 Bg7 4.e4 d6 5.Nf3 O-O 6.Be2 e5 7.dxe5 dxe5 8.Qxd8 Rxd8
9.Bg5 c6 10.Nxe5 Re8 11.O-O-O Na6 12.Rd6 Be6 13.Nd3 h6 14.Bxf6 Bxf6 15.e5 Be7
16.Rd4 Bf5 17.f4 Nc5 18.Rd1 Nxd3+ 19.Bxd3 Bc5 20.Bxf5 Bxd4 21.Rxd4 gxf5 22.Rd6 Re6
23.Rd7 f6 24.exf6 Rxf6 25.Rxb7 Rf7 26.Rb3 Re8 27.g3 Rd7 28.Kc2 Re1 29.Ra3 Rh1
30.h4 Rh2+ 31.Kb3 Rb7+ 32.Ka4 Rhxb2 33.Rb3 R7xb3 34.axb3 Rg2 35.Kb4 Rxg3
36.Ne2 Rd3 37.Kc5 Rxb3 38.Kxc6 a5 39.c5 a4 40.Kd7 Rd3+  0-1

[Event "Gausdal Int"]
[Site "Gausdal"]
[Date "1993.??.??"]
[Round "9"]
[White "Lyrberg, Patrik"]
[Black "Harestad, Thor Geir"]
[Result "1-0"]
[WhiteElo "2420"]
[BlackElo "2270"]

1.d4 Nf6 2.c4 g6 3.Nc3 Bg7 4.e4 d6 5.Nf3 O-O 6.Be2 e5 7.d5 a5 8.Bg5 h6 9.Bh4 Na6
10.Nd2 Nc5 11.b3 Bd7 12.a3 Qe8 13.O-O b6 14.Qc2 Nh7 15.b4 Nb7 16.f3 f5 17.Bf2 f4
18.Rfb1 Rf7 19.c5 bxc5 20.bxc5 Nxc5 21.Bxc5 dxc5 22.Nb5 Bxb5 23.Bxb5 Qd8
24.Bc6 Ra6 25.Nc4 g5 26.Qb3 Ra7 27.d6 Kh8 28.Nxe5 Bxe5 29.Qxf7 Bxd6 30.Rb5 Ra6
31.Rab1 Rb6 32.Bd5 Nf6 33.Kh1 Be5 34.Rxb6 cxb6 35.Qg6 Nxd5 36.Qxh6+ Kg8 37.Qe6+ Kh7
38.exd5 Bd6 39.Re1 Kg7 40.Qf5  1-0

[Event "Gausdal Int"]
[Site "Gausdal"]
[Date "1993.??.??"]
[Round "9"]
[White "Gausel, Einar"]
[Black "Varavin, Viktor"]
[Result "1/2-1/2"]
[WhiteElo "2500"]
[BlackElo "2465"]

1.Nf3 Nf6 2.c4 g6 3.Nc3 Bg7 4.e4 d6 5.d4 O-O 6.Be2 Nbd7 7.O-O e5 8.Be3 Ng4
9.Bg5 f6 10.Bd2 c6 11.d5 Qe7 12.b4 Nh6 13.a4 Nf7 14.a5 f5 15.Bd3 c5  1/2-1/2

[Event "Gausdal Int"]
[Site "Gausdal"]
[Date "1993.??.??"]
[Round "9"]
[White "Hillarp Persson, Tiger"]
[Black "Reeh, Oliver"]
[Result "0-1"]
[WhiteElo "2300"]
[BlackElo "2435"]

1.d4 Nf6 2.c4 g6 3.Nc3 Bg7 4.e4 d6 5.Be2 O-O 6.Nf3 Nbd7 7.O-O e5 8.Re1 c6
9.Rb1 exd4 10.Nxd4 Re8 11.Bf1 Ng4 12.h3 Qb6 13.Qxg4 Bxd4 14.Be3 Bxe3 15.Rxe3 Ne5
16.Qg3 Be6 17.b3 f6 18.f4 Nf7 19.f5 Bxf5 20.Kh1 Be6 21.Rf3 Qd4 22.e5 Qxe5
23.Qf2 Bf5 24.Rb2 Qe1 25.g4 Ng5 26.gxf5 Nxf3 27.Qxf3 Re3 28.Qf4 Qxc3 29.fxg6 Rf3  0-1

[Event "Geneve op"]
[Site "Geneve"]
[Date "1993.??.??"]
[Round "2"]
[White "Mitkovski, Oliver"]
[Black "Bennett, John"]
[Result "1-0"]
[WhiteElo "2440"]
[BlackElo "2210"]

1.d4 Nf6 2.Nf3 g6 3.c4 Bg7 4.Nc3 O-O 5.e4 d6 6.Be2 e5 7.dxe5 dxe5 8.Qxd8 Rxd8
9.Bg5 Re8 10.Rd1 c6 11.Nxe5 Nxe4 12.Nxe4 Bxe5 13.Nd6 Bxd6 14.Rxd6 Be6 15.O-O Nd7
16.b3 f6 17.Be3 Ne5 18.Rfd1 a5 19.R1d2 Kg7 20.f4 Nf7 21.R6d4 Bf5 22.Kf2 h5
23.c5 Re7 24.Bd3 Nh6 25.Bxf5 Nxf5 26.Rd7 Re8 27.Rxe7+ Rxe7 28.Rd3 Nxe3 29.Rxe3 Rxe3
30.Kxe3 f5 31.Kd4 Kf6 32.g3 Ke6 33.Kc4 Kd7 34.b4 a4 35.b5 cxb5+ 36.Kxb5 a3
37.Kb6 Kc8 38.c6 bxc6 39.Kxc6  1-0

[Event "Geneve op"]
[Site "Geneve"]
[Date "1993.??.??"]
[Round "7"]
[White "Gurevich, Dmitry"]
[Black "Golubev, Mihail"]
[Result "1/2-1/2"]
[WhiteElo "2495"]
[BlackElo "2495"]

1.d4 Nf6 2.c4 g6 3.Nc3 Bg7 4.e4 d6 5.Be2 O-O 6.Nf3 e5 7.d5 Nbd7 8.Be3 Nc5
9.Nd2 a5 10.a3 Ne8 11.O-O f5 12.f3 a4 13.b4 axb3 14.Nxb3 Nxb3 15.Qxb3 b6
16.a4 f4 17.Bd2 h5 18.a5 bxa5 19.Nd1 a4 20.Rxa4 Rxa4 21.Qxa4 g5 22.Nf2 Nf6
23.h3 Bd7 24.Qa3 Qa8 25.Qa5 Qxa5 26.Bxa5 Rc8 27.Rd1 c5 28.dxc6 Rxc6 29.Nd3 Rxc4
30.Nxe5 Rc5 31.Nxd7 Rxa5 32.Bc4+ Kh8 33.Rxd6 Nxd7 34.Rxd7 Be5 35.Be6 Rc5
36.Bf5 Rc4 37.Kf2 Rc2+ 38.Kf1 Rc1+ 39.Ke2 Rc2+ 40.Kd3 Rxg2 41.Kc4 Bb2 42.Rh7+ Kg8
43.Rxh5 Bf6 44.Rh6 Kf7 45.Rh7+ Bg7 46.e5 Rb2 47.e6+ Kf6 48.Be4 Rb8 49.Kd5 Rd8+
50.Kc6 Bf8 51.Rd7 Be7 52.Rxd8  1/2-1/2

[Event "NRW-Liga II 9293"]
[Site "Germany"]
[Date "1993.??.??"]
[Round "?"]
[White "Schebler, Gerhard"]
[Black "Rechmann, Peter"]
[Result "1/2-1/2"]
[WhiteElo "2365"]
[BlackElo "2360"]

1.d4 Nf6 2.Nf3 g6 3.c4 Bg7 4.Nc3 O-O 5.e4 d6 6.Be2 Na6 7.O-O e5 8.Be3 Ng4
9.Bg5 f6 10.Bc1 c6 11.h3 Nh6 12.dxe5 dxe5 13.b3 Nf7 14.Ba3 Re8 15.Qc2 Bf8
16.Rfd1 Qc7 17.Bxf8 Rxf8 18.a3 Nc5 19.b4 Ne6 20.c5 Nf4 21.Bc4 Be6 22.Qb3 Qe7
23.Rd2 Rfd8 24.Rad1 Kf8 25.Rxd8+ Rxd8 26.Rxd8+ Qxd8 27.Qd1  1/2-1/2

[Event "NRW-Liga II 9293"]
[Site "Germany"]
[Date "1993.??.??"]
[Round "?"]
[White "Dautov, Rustem"]
[Black "Odendahl, Reiner"]
[Result "1-0"]
[WhiteElo "2625"]
[BlackElo "2295"]

1.d4 Nf6 2.c4 g6 3.Nc3 Bg7 4.e4 d6 5.Be2 O-O 6.Nf3 e5 7.O-O Na6 8.Re1 c6
9.Bf1 exd4 10.Nxd4 Ng4 11.h3 Qb6 12.hxg4 Qxd4 13.Qe2 Qe5 14.Be3 Qe7 15.f3 Nc5
16.Qd2 Be6 17.Rad1 Rad8 18.Bg5 Bf6 19.Bxf6 Qxf6 20.g5 Qe7 21.b4 Nd7 22.Nd5 cxd5
23.exd5 Ne5 24.dxe6 fxe6 25.f4 Nf7 26.g3 b6 27.Bg2 Rc8 28.Bh3 Nd8 29.Qxd6 Qxd6
30.Rxd6 Rxc4 31.Rxd8  1-0

[Event "Oberliga Ost B9293"]
[Site "Germany"]
[Date "1993.??.??"]
[Round "?"]
[White "Legde, Georg"]
[Black "Kersten, Uwe"]
[Result "0-1"]
[WhiteElo "2265"]
[BlackElo "2300"]

1.d4 Nf6 2.c4 g6 3.Nc3 Bg7 4.e4 d6 5.Nf3 O-O 6.Be2 e5 7.O-O Na6 8.Be3 c6
9.dxe5 dxe5 10.Qxd8 Rxd8 11.Rfd1 Re8 12.h3 Nd7 13.a3 Nf8 14.b4 Ne6 15.Na4 f5
16.b5 Nac7 17.b6 axb6 18.Nxb6 Rb8 19.Nxc8 Rexc8 20.Rab1 Na6 21.exf5 gxf5
22.Nh4 Rf8 23.Ba7 Nd4 24.Bd3 e4 25.Bxb8 exd3 26.Bd6 Rd8 27.c5 Ne2+ 28.Kf1 Nc3
29.Nxf5 Bf8 30.Rb3 Nxd1 31.Rxd3 Nb2 32.Rb3 Bxd6 33.cxd6 Nc4 34.Rxb7 Nxd6
35.Ne7+ Kh8 36.Ra7 Nb8 37.f4 c5 38.Nd5 Rd7 39.Ra8 Rb7 40.g4 Kg7 41.f5 Nd7
42.a4 Nf6 43.Nf4 Nfe4 44.a5 Kf6 45.a6 Rb1+ 46.Ke2 Ra1 47.a7 Ke5 48.Nh5 Ra2+
49.Kf3 c4 50.f6 Kd4  0-1

[Event "BL2-W9293"]
[Site "Germany"]
[Date "1993.??.??"]
[Round "?"]
[White "Roos, Thomas"]
[Black "Hoehn, Jan"]
[Result "1-0"]
[WhiteElo "2280"]
[BlackElo "2225"]

1.d4 Nf6 2.c4 g6 3.Nc3 Bg7 4.e4 d6 5.Be2 Na6 6.Nf3 O-O 7.O-O e5 8.Re1 Qe8
9.Bf1 Bg4 10.d5 Nb4 11.Be2 a5 12.Rb1 Nh5 13.h3 Bd7 14.a3 Na6 15.b4 axb4 16.axb4 Nf4
17.Bf1 h6 18.Kh2 g5 19.g3 Nxh3 20.Bxh3 Bxh3 21.Kxh3 g4+ 22.Kg2 gxf3+ 23.Qxf3 f5
24.exf5 Qd7 25.Ne4 Rxf5 26.Qe2 Qf7 27.Rh1 Qg6 28.Bd2 Raf8 29.Ra1 c5 30.dxc6 Qf7
31.Rhf1 Qc7 32.b5 Nc5 33.Nxc5 dxc5 34.Ra7 e4 35.Rxb7 Qc8 36.Rd7  1-0

[Event "BL2-O9293"]
[Site "Germany"]
[Date "1993.??.??"]
[Round "?"]
[White "Reis, Gerhard"]
[Black "Ankerst, Mihael"]
[Result "1-0"]
[WhiteElo "2235"]
[BlackElo "2265"]

1.d4 Nf6 2.Nf3 g6 3.c4 Bg7 4.Nc3 O-O 5.e4 d6 6.Be2 e5 7.O-O Na6 8.Be3 c6
9.d5 Ng4 10.Bg5 f6 11.Bh4 h5 12.Nd2 Nh6 13.f3 Qe8 14.Rb1 c5 15.a3 g5 16.Bf2 f5
17.exf5 Bxf5 18.Nde4 Qg6 19.b4 b6 20.Qa4 Nb8 21.Nb5 Bxe4 22.fxe4 Rf7 23.bxc5 dxc5
24.Nc3 g4 25.Bh4 Kh7 26.Kh1 Rd7 27.Rf2 Nf7 28.Bd3 Rb7 29.Rbf1 Nd6 30.Rf6 Bxf6
31.Rxf6 Rf7 32.Rxg6 Kxg6 33.Qd1 Rd7 34.Ne2 Na6 35.Qa4 Nb8 36.Ng3 Rg7 37.Nf5 Nxf5
38.exf5+ Kf7 39.f6 Rg8 40.Bf5 Re8 41.Be6+  1-0

[Event "Bundesliga 9293"]
[Site "Germany"]
[Date "1993.??.??"]
[Round "?"]
[White "Heissler, Jakob"]
[Black "Schaefer, Markus"]
[Result "0-1"]
[WhiteElo "2410"]
[BlackElo "2430"]

1.Nf3 Nf6 2.d4 g6 3.c4 Bg7 4.Nc3 O-O 5.e4 d6 6.Be2 Na6 7.O-O e5 8.Be3 Qe8
9.dxe5 dxe5 10.h3 Nd7 11.a3 c6 12.b4 Qe7 13.c5 Nc7 14.Qb3 Kh8 15.Rad1 f5
16.Rd6 Nf6 17.Bc4 f4 18.Bc1 Nfe8 19.Rfd1 b5 20.cxb6 Nxd6 21.bxc7 Qxc7 22.Bb2 Qe7
23.Na4 g5 24.Nc5 Nxc4 25.Qxc4 g4 26.hxg4 Bxg4 27.Qc3 Bf6 28.Rd2 Rae8 29.Nh2 Bc8
30.Nd3 Qg7 31.Nf3 Bh3 32.Nfe1 Bxg2 33.Nxg2 f3 34.Ne1 fxg2 35.f3 Rg8 36.Rxg2 Qh6
37.Bc1 Qh4 38.Bd2 Rxg2+ 39.Nxg2 Rg8 40.Qxc6 Bd8 41.Be3 Qe1+ 42.Kh2 Qg3+  0-1

[Event "BL2-W9293"]
[Site "Germany"]
[Date "1993.??.??"]
[Round "?"]
[White "Kamp, Christoph"]
[Black "Kveinys, Aloyzas"]
[Result "0-1"]
[WhiteElo "2275"]
[BlackElo "2555"]

1.c4 Nf6 2.Nc3 g6 3.e4 d6 4.d4 Bg7 5.Be2 O-O 6.Nf3 e5 7.O-O Nbd7 8.Qc2 Qe7
9.Rd1 c6 10.Rb1 exd4 11.Nxd4 Re8 12.f3 Ne5 13.h3 a6 14.b4 b5 15.cxb5 cxb5
16.a4 bxa4 17.f4 Ned7 18.Nc6 Qf8 19.Bf3 Nb6 20.Qd3 Bd7 21.Na5 d5 22.e5 Bf5
23.Qd4 Nfd7 24.Ra1 Rac8 25.Nxd5 Rxe5 26.fxe5 Bxe5 27.Qxe5 Nxe5 28.Nxb6 Nxf3+
29.gxf3 Rc2 30.Bg5 f6 31.Nb7 Qxb4 32.Rab1 Rb2 33.Rxb2 Qxb2 34.Rd8+ Kg7 35.Be3 Qe5
36.Bf2 Bxh3 37.Rd3 Qa1+ 38.Kh2 Qf1 39.Kg3 g5  0-1